Catalog

Record Details

Catalog Search



Dragon was terrible  Cover Image Book Book

Dragon was terrible / Kelly DiPucchio ; pictures by Greg Pizzoli.

DiPucchio, Kelly,: (author.). Pizzoli, Greg,: (illustrator.).

Summary:

We all know dragons are terrible, but this one is especially terrible. He scribbles in books. He steals candy from baby unicorns. He even burps in church. Seriously, who does that? Dragon, that's who. The king, the knights, and the villagers are desperate to take down this beast once and for all. But sometimes it's up to the unlikeliest of heroes to tame a dragon this terrible.

Record details

  • ISBN: 9780374300494
  • ISBN: 0374300496
  • Physical Description: 32 pages : color illustrations ; 26 cm
  • Edition: First edition.
  • Publisher: New York : Farrar Straus Giroux, ©2016.
Genre: Fiction
Juvenile works
Children's stories.
Picture books.

Available copies

  • 1 of 1 copy available at scottsboropl.

Holds

  • 0 current holds with 1 total copy.
Show Only Available Copies
Location Call Number / Copy Notes Barcode Shelving Location Status Due Date
scottsboropl E DiP 32269001001653 Juvenile - Easy Available -

LDR 01298nam a2200361 i 4500
001142524
003SBPL
00520170109092334.0
008140724s2016 nyua j 000 1 eng
010 . ‡a 2014025065
020 . ‡a9780374300494 ‡q(hardbackr)
020 . ‡a0374300496 ‡q(hardback)
035 . ‡a(CONS)142524
035 . ‡a(OCoLC)884631004 ‡z(OCoLC)911068767 ‡z(OCoLC)956508126 ‡z(OCoLC)960818729 ‡z(OCoLC)1002159147 ‡z(OCoLC)1519064239 ‡z(OCoLC)1531105829
05000. ‡aPZ7.D6219 ‡bDr 2016
08200. ‡a[E] ‡223
1001 . ‡aDiPucchio, Kelly,: ‡eauthor.
24510. ‡aDragon was terrible / ‡cKelly DiPucchio ; pictures by Greg Pizzoli.
250 . ‡aFirst edition.
264 1. ‡aNew York : ‡bFarrar Straus Giroux, ‡c©2016.
300 . ‡a32 pages : ‡bcolor illustrations ; ‡c26 cm
336 . ‡atext ‡btxt ‡2rdacontent
336 . ‡astill image ‡bsti ‡2rdacontent
337 . ‡aunmediated ‡bn ‡2rdamedia
338 . ‡avolume ‡bnc ‡2rdacarrier
520 . ‡aWe all know dragons are terrible, but this one is especially terrible. He scribbles in books. He steals candy from baby unicorns. He even burps in church. Seriously, who does that? Dragon, that's who. The king, the knights, and the villagers are desperate to take down this beast once and for all. But sometimes it's up to the unlikeliest of heroes to tame a dragon this terrible.
655 7. ‡aFiction
655 7. ‡aJuvenile works
655 7. ‡aChildren's stories.
655 7. ‡aPicture books. ‡2lcgft
7001 . ‡aPizzoli, Greg,: ‡eillustrator.
901 . ‡a142524 ‡bUnknown ‡c142524 ‡tbiblio

Additional Resources